| 000 | 00637cam a2200217 a 4500 | ||
|---|---|---|---|
| 001 | 000002886 | ||
| 005 | 20200929150258.0 | ||
| 008 | 750710s1968 ve 001 p spa | ||
| 040 |
_aDO-SdBNP _cNSbSU _dOCoLC _dDLC |
||
| 082 |
_aV861.42 _bL769n |
||
| 100 | 1 |
_aLiscano, Juan, _d1915-2001 _99172 |
|
| 245 | 1 | 0 |
_aNombrar contra el tiempo : _bantología / _cJuan Liscano. |
| 260 |
_aCaracas : _bMonte Avila, _c1968. |
||
| 300 |
_a210 p. ; _c20 cm. |
||
| 490 | 1 | _aAltazor | |
| 650 | 4 |
_aPoesía venezolana _94230 |
|
| 650 | 4 |
_aLiteratura venezolana _93816 |
|
| 830 | 0 |
_aAltazor _98724 |
|
| 910 | _aCatalogación por copia / LC | ||
| 049 | _aBNGR | ||
| 999 |
_c2720 _d2720 |
||